L'amore è un Dio : il sesso e la polis /

Saved in:
Bibliographic Details
Main Author: Cantarella, Eva (Author)
Format: Book
Language:Italian
Published: Milano : Feltrinelli, 2009
Edition:3. ed
Series:Universale economica ; 2082
Subjects:
Tags: Add Tag
No Tags, Be the first to tag this record!

MARC

LEADER 00000nam a2200000 i 4500
001 IT\ICCU\CFI\0750244
003 ItRI
005 20250720215517.0
008 100510s2009 it |||||| ||||| |||||c
020 |a 9788807720826 
040 |b ita  |c ct 
041 7 |a ita  |2 ISO-639-2 
100 1 |a Cantarella, Eva  |0 IT\ICCU\CFIV\102722  |4 aut 
245 1 2 |a L'amore è un Dio :  |b il sesso e la polis /  |c Eva Cantarella. 
250 |a 3. ed 
260 |a Milano :  |b Feltrinelli,  |c 2009 
300 |a 175 p. ;  |c 20 cm 
650 7 |a Mitologia greca  |x Temi [:] Amore [e] Costumi sessuali  |2 nsbncf 
830 0 |a Universale economica ;  |v 2082  |0 IT\ICCU\CFI\0001103 
942 |2 ddc  |c BK 
952 |0 0  |1 0  |2 ddc  |4 0  |6 B_SSA03CANTEVAMO11  |7 0  |9 8994  |a MI  |b MI  |d 2010-02-12  |i 5858  |l 0  |o B-SSA03-CANTEV-AMO11  |p CDOM5858  |r 2025-07-17 21:50:41  |w 2025-07-17  |x ACQUISTO  |y BK 
981 1 |6 z01  |a i   |b xxxe  
982 1 |6 z01  |a n 
999 |c 7486  |d 7486